| 000 | 00654nam a22002057a 4500 | ||
|---|---|---|---|
| 005 | 20160920143053.0 | ||
| 010 | _aENG-116018 | ||
| 020 |
_a9789352602209 _c295.00 |
||
| 020 |
_a935260220 _c295.00 |
||
| 035 | _aEN-99550 | ||
| 037 | _bDBAD/PUB | ||
| 082 | _a621.8 | ||
| 100 | _aSlariya,Vikas | ||
| 245 |
_aGATE mechanical engineering topicwise solved Questions / _cby Vikas Slariya |
||
| 260 |
_aNew Delhi _bMcGraw Hill Education _c2017 |
||
| 270 |
_aP-24,Green Park Extantion _bNew Delhi _e110016 |
||
| 300 |
_a249p : _c24 cm (pbk) _bill |
||
| 500 | _aIncludes 15 years solved Questions2002-2016 | ||
| 942 |
_2ddc _cEN _h621.381 _mSLA |
||
| 999 |
_c103458 _d103458 |
||